000 00639nam a2200253 a 4500
001 14329
003 BD-JhCC
005 20250304093634.0
008 250302b20092018e a|||| ||a| 001 0 eng d
020 _a9780241339657
035 _a(BD-JhCC)14329
040 _aBD-JhCC
_dBD-JhCC
041 _aenglish
082 _a808.83
_bSAG 2018
100 _aFrancoise Sagan
245 _aThe Gigolo /
_cFrancoise Sagan.
260 _aNew York:
_bPenguin Books;
_c2018.
300 _a64 p. :
_c16 cm.
490 _aPenguin Modern: 31
500 _aPenguin Modern: 31
650 _aEnglish Short stories.
942 _2ddc
_cBK
999 _c14329
_d14329